1221 1791 1254 1710 1943 1462 1409 1198 1362 1792 1785 1345 1137 1362 1931 1068 1314 1697 1811 1394 1954 1070 1763 1863 1103 1487 1151 1029 1437 1740 1765 1520 1668 1648 1622 1232 1900 1940 1570 1789 1455 1562 1107 1895 1983 1913 1443 1828 1649 1589 1518 1848 1123 1081 1588 1366 1145 1650 1519 1798 1179 1250 1143 1733 1553 1063 1143 1489 1698 1960 1440 1329 1254 1838 1524 1276 1346 1326 1604 1282 1381 1228 1257 1790 1287 1241 1075 1312 1550 1103 1786 1778 1906 1623 1162 1666 1251 1067 1611 BCNSPRNW ULIB Ver.6.0+V

เปลี่ยนเป็นภาษาไทย

Change to English
 แสดงรายละเอียดบรรณานุกรม
  กลับหน้าหลัก

Brief Record : Get Marc (ISO 2709) : E-mail record : QR code < ปิดหน้าต่าง
LEADER : 00000nam 2200000uu 4500
001    13399108417
003     ULIB
008    110303s2006||||th 000 0 eng d
020    9781582554464
024    1582554463
060  4 WY100^bM111b 2006
245 00 Best of incredibly easy./^cBreedlove, Rita
260    Philadelphia :^bLippincoot williams& Wilkins.^c2006
300    628 pp. ^bill.
650  7 Nursing Care^xMedhods
650  7 Nursing ^xHandbooks
945    ^p1360^l0^i021756
995    Kesorn
999 ^a ใช้งานได้ทุกระบบ
รายการนี้ยังไม่มีแท็ก
คุณยังไม่ได้ล็อกอิน คุณสามารถมีกิจกรรมร่วมกับเว็บไซต์ได้ แต่ต้องล็อกอินก่อน ::
  ล็อกอิน

รายการสื่อสารสนเทศ

ลำดับที่ ประเภท เลขเรียก/บาร์โค้ด สถานที่ สถานะ
- ไม่พบข้อมูล -

BibComment


ยังไม่เคยถูกคอมเมนท์

คอมเมนท์ทรัพยากรรายการนี้
  คอมเมนท์: Best of incredibl..


 Copyright 2026. Bcnsprnw @Library